| 000 | 00714 a2200181 4500 | ||
|---|---|---|---|
| 003 | Nust | ||
| 005 | 20170207153536.0 | ||
| 040 | _cNust | ||
| 082 | _a005.1 | ||
| 100 | _aIqbal, Muhammad Atif (MSCS-13) | ||
| 245 |
_aA New Requirement Prioitization mode For Market Driven Products _cMuhammad Atif Iqbal |
||
| 260 |
_bMCS,NUST _cMarch 2010 _aRawalpindi |
||
| 300 | _axii,69:P.; | ||
| 505 | _aIntroduction (page-1) Background and related work (page-50 Methodology and implementation (page-10) Model validation plan (page-23) Evaluation of validity process (page-27) Validation results (page-34) Conclusions and future work (page-51) | ||
| 538 | _aAlmirah No 69 Shelf No 4 | ||
| 650 | _aPG Thesis | ||
| 651 | _aMSCS-13 | ||
| 942 | _cTHS | ||
| 999 |
_c188217 _d188217 |
||